000 00889nam a22002897a 4500
001 BR0906011
003 BR-BrBNA
005 20230928103059.0
007 ta
008 230509b bl.||||| |||| 00| 0 por d
040 _aBR-BrBNA
_bpor
_cBiblioteca Nacional de Agricultura
041 _a(Por)
072 _aH10
_b2120
_b4020
_b3872
090 _ 2120 BR0906011
100 1 _aVilela, M.
110 1 _aUniversidade Federal de Lavras, MG (Brasil)
_0Tese (Mestrado)
245 1 _aSeletividade de acaricidas usados em cafeeiro para Chrysoperla externa (Hagen, 1861)(Neuroptera: Chrysopidae)
260 3 _aLavras, MG (Brasil):
_c2009.
300 _a67 p.
500 _aSummaries (Eng, Por); Several bibliography; 18 tables
650 _aCAFÉ
650 _aNEUROPTERA
650 _aACARICIDA
650 _aCONTROLE QUÍMICO
909 _a202309
_bLucia
_c55
_dLucia Elande
942 _cBK
999 _c73637
_d73637